Statistics for Countries with a Good Situation (RSF 2013)

Click here to take the quiz!

General Stats

  • This quiz has been taken 2 times
  • The average score is 20 of 25

Answer Stats

Answer % Correct
Luxembourg
100%
Ireland
100%
Andorra
100%
Germany
100%
Netherlands
100%
New Zealand
100%
Switzerland
100%
Slovakia
100%
Norway
100%
Finland
100%
Iceland
100%
Belgium
100%
Canada
100%
Cyprus
100%
Czech Republic
100%
Denmark
100%
Cape Verde
50%
Poland
50%
Costa Rica
50%
Liechtenstein
50%
Sweden
50%
Estonia
50%
Austria
50%
Namibia
0%
Jamaica
0%

Score Distribution

Percentile by Number Answered

Percent of People with Each Score

Your Score History

You have not taken this quiz